000
00214 a2200085 4500
020
_a
9788193261248
100
_a
RATHORE, MOHABBAT SINGH
245
_a
MAHARANA SANGA
260
_b
PRATAP SHODH PRATISHTHAN, UDAIPUR
_c
2017
999
_c
223867
_d
223867